00861nam a22002657a 45000010005000000030006000050050017000110080041000280200018000690400029000870500015001160820014001311000019001452450060001642600043002243000056002674900051003235050008003745200079003825210020004615210020004816500031005016500032005327000031005645462FISKH20241212092402.0241209b cb ||||| |||| 00| 0 eng d a9780531222430 aFISKHbengcFISKHdFISKH aML3930.B39 a782.42166 aVenezia, Mike  aThe beatles /cWritten and illustrated by Mike Venezia  aNew York : bChildren's Press ;c2017. a34 pages : bcolor illustrations , maps ;c25 cm .  aGetting to Know the World's Greatest Composers aU  aTells the story of the world's most celebrated and influential rock group.8 a840 bLexile 8 aZ bRaz-Plus  amusic historyvNon-fiction arock and rollvNon-fiction  aVenezia, Mikeeillustrator